| 000 | 00456nam a2200181Ia 4500 | ||
|---|---|---|---|
| 001 | 1262 | ||
| 005 | 20260306140619.0 | ||
| 008 | 260306t2022||||xx |||||||||||||| ||spa|| | ||
| 041 | _aESP | ||
| 082 |
_a190 _bK56 |
||
| 100 |
_aKing, Nathan L., _eAUT |
||
| 245 | 0 |
_aLa mente excelente : _bvirtudes intelectuales para la vida cotidiana |
|
| 260 | _c2022 | ||
| 300 |
_a354 páginas : _c20 cm. |
||
| 650 | _aGEN | ||
| 654 | _aCHU | ||
| 942 |
_cLIB _dJUS _fJUS _2ddc _n |
||
| 999 |
_c1262 _d1262 |
||